Language Quiz

Random Language or Letter Quiz

14-Letter Vocabulary (Medium) Quiz Stats

 Plays Quiz Updated Jun 23, 2017

Support Sporcle.
Go Orange.
Score 0/25 Timer 06:00
0 Plays Today
% Correct
braunschweiger
89.5%
malodorousness
89.3%
somnambulation
82.1%
trisoctahedron
74.2%
blepharoplasty
73.9%
circumvolution
73%
indomitability
71.3%
ichthyophagous
70.6%
novemdecillion
69.7%
pachydermatous
68.4%
cruciverbalist
67%
xenodiagnostic
65.5%
phantasmagoria
64%
% Correct
wheelbarrowing
63.9%
parsimoniously
62.2%
pronunciamento
61.9%
disambiguation
60.4%
ultimogeniture
59.7%
poikilothermic
58.5%
revalorization
57%
superciliously
54.5%
palatalization
53.8%
incommensurate
53.5%
thanatological
48.6%
consanguineous
38.4%

You're not logged in!

Compare scores with friends on all Sporcle quizzes.
OR
Log In
Forgot?

From the Vault

Area vs. Population

by Alex

There's a clear winner here, and that's the data.
Remove Ads.
Support Sporcle.
Get the best of Sporcle when you Go Orange. This ad-free experience offers more features, more stats, and more fun while also helping to support Sporcle. Thank you for becoming a member.

Show Comments

Extras

Top Quizzes Today


Score Distribution

Your Account Isn't Verified!

In order to create a playlist on Sporcle, you need to verify the email address you used during registration. Go to your Sporcle Settings to finish the process.

Report this User

Report this user for behavior that violates our Community Guidelines.

Details: